Retablo español /

Guardado en:
Autor Principal: Rojas, Ricardo.
Formato: Libro
Idioma:Undetermined
Publicado: Buenos Aires : Editorial Losada, 1938.
Materias:
Etiquetas: Agregar Etiqueta
Sin Etiquetas, Sea el primero en etiquetar este registro!
LEADER 00477nam a22001575a 4500
001 EHU.bham048921
005 20111108163336.0
008 111108s1938####ag############000#0#und#d
100 1 |a Rojas, Ricardo. 
245 0 0 |a Retablo español /  |c Ricardo Rojas. 
260 |a Buenos Aires :  |b Editorial Losada,  |c 1938. 
300 |a 362 p. 
653 |a España 
653 |a Ciudades españolas 
653 |a Cultura española 
859 |a AR-BHAM  |b BIB. HUMANIDADES - Donacion Lejarraga  |h MFN003140  |p 003140.19